Balance social (Registro nro. 3597)
[ vista simple ]
| 000 -LEADER | |
|---|---|
| fixed length control field | 01148 a2200229 4500 |
| 001 - CONTROL NUMBER | |
| control field | 42314 |
| 005 - DATE AND TIME OF LATEST TRANSACTION | |
| control field | 20260407155713.0 |
| 008 - FIXED-LENGTH DATA ELEMENTS--GENERAL INFORMATION | |
| fixed length control field | 260407a2013 arg spa d |
| 003 - CONTROL NUMBER IDENTIFIER | |
| control field | AR-UNSa-BCEJYS |
| 040 ## - CATALOGING SOURCE | |
| Original cataloging agency | AR-UNSa-BCEJYS |
| Language of cataloging | spa |
| Transcribing agency | AR-UNSa-BCEJYS |
| 080 ## - UNIVERSAL DECIMAL CLASSIFICATION NUMBER | |
| Universal Decimal Classification number | 657.375 |
| Common auxiliary subdivision | Clases de balances (anuales, de prueba, social etc.) |
| 020 ## - INTERNATIONAL STANDARD BOOK NUMBER | |
| International Standard Book Number | 978-987-01-1633-2 |
| 041 ## - LANGUAGE CODE | |
| Language code of text/sound track or separate title | spa |
| 100 1# - MAIN ENTRY--PERSONAL NAME | |
| Personal name | Rodríguez de Ramírez, María del Carmen |
| 245 10 - TITLE STATEMENT | |
| Title | Balance social |
| Name of part/section of a work | abc de una herramienta clave para la rendición de cuentas |
| 264 #1 - PRODUCTION, PUBLICATION, DISTRIBUTION, MANUFACTURE, AND COPYRIGHT NOTICE | |
| Place of production, publication, distribution, manufacture | Buenos Aires : |
| Name of producer, publisher, distributor, manufacturer | Errepar |
| Date of production, publication, distribution, manufacture, or copyright notice | 2013 |
| 300 ## - PHYSICAL DESCRIPTION | |
| Extent | xv, 406 p. |
| Dimensions | 21 cm. |
| 505 ## - FORMATTED CONTENTS NOTE | |
| Formatted contents note | 1. Marco teórico para el análisis del balance social - 2. Principios internacionales y marcos de presentación de información económica, ambiental, social y de gobierno societario - 3. Esquemas de autoevaluación, normas de aseguramiento, normas de calidad y guías - 4. El balance social - 5. Las normas contables profesionales argentinas y el balance social |
| 590 ## - LOCAL NOTE (RLIN) | |
| Local note | niveau_biblio:m niveau_hierar:0 |
| 856 41 - ELECTRONIC LOCATION AND ACCESS | |
| Uniform Resource Identifier | <a href="https://biblioeco.unsa.edu.ar/pmb/images/libros/L126540.jpg">https://biblioeco.unsa.edu.ar/pmb/images/libros/L126540.jpg</a> |
| Link text | Imagen de portada |
| Electronic format type | image/jpeg |
| 942 ## - ADDED ENTRY ELEMENTS (KOHA) | |
| Koha item type | |
| Withdrawn status | Lost status | Damaged status | Not for loan | Home library | Current library | Shelving location | Date acquired | Total checkouts | Full call number | Barcode | Date last seen | Price effective from | Koha item type | Public note |
|---|---|---|---|---|---|---|---|---|---|---|---|---|---|---|
| Biblioteca Prof. Eusebio Cleto del Rey | Biblioteca Prof. Eusebio Cleto del Rey | 07/04/2026 | 657.375 R696 | L126540 | 07/04/2026 | 07/04/2026 | Libro | CANTO UN POCO SUCIO | ||||||
| Biblioteca Prof. Eusebio Cleto del Rey | Biblioteca Prof. Eusebio Cleto del Rey | 07/04/2026 | 657.375 R696 | L126541 | 07/04/2026 | 07/04/2026 | Libro | CANTO SUCIO - ÚLTIMA HOJA C/ FLÚOR - HÚMEDO. | ||||||
| Biblioteca Prof. Eusebio Cleto del Rey | Biblioteca Prof. Eusebio Cleto del Rey | 07/04/2026 | 657.375 R696 | L126542 | 07/04/2026 | 07/04/2026 | Libro | CANTO UN POCO SUCIO - PEQUEÑAS MANCHAS EN PÁG. 348 Y 349 | ||||||
| Biblioteca Prof. Eusebio Cleto del Rey | Biblioteca Prof. Eusebio Cleto del Rey | 07/04/2026 | 657.375 R696 | L128987 | 07/04/2026 | 07/04/2026 | Libro | |||||||
| Biblioteca Prof. Eusebio Cleto del Rey | Biblioteca Prof. Eusebio Cleto del Rey | 07/04/2026 | 657.375 R696 | L128988 | 07/04/2026 | 07/04/2026 | Libro |